One Piece énigme (moyen) - Statistiques

Statistiques générales
  • Ce quiz a été pris 2 511 fois
  • Le résultat moyen est 20 sur 24
Statistiques - réponses
Lettre Réponse % Correct
A est la réincarnation de G Luffy
99%
R et son équipage avait nommé l'île "Laugh Tale" Gol D Roger
97%
O a été battu par deux supernovas Big mom
96%
B a tué M Kaido
96%
E est l'un des 4 empereurs Barbe blanche
95%
L détient un lien avec les membres du Goroseiet Luffy Shanks
95%
M a quitté Wano pour rejoindre E puis R Oden
94%
Q a été capturé par H Ace
93%
H est devenu empereur en 2 ans Barbe Noire
93%
X a tué Q Akainu
92%
F a entraîné A pendant 2 ans Rayleigh
92%
N avec L faisaient parti du même équipage Baggy
91%
W est souvent confondu avec A comme capitaine Zoro
91%
T est le second d'une armée contre le GM Sabo
89%
D est l'enfant de B Yamato
88%
K avec R ont tué S Garp
86%
V avait un lien avec la 76ème enfant de O Sanji
85%
G a laissé à Laugh Tale quelque chose d'une incroyable valeur Joy Boy
82%
S avait dans son équipage B, E et O Xebec
81%
U possédait les plans de l'arme antique de Pluton Tom
65%
C sait faire la même chose que M Robin
57%
I a sauvé C Aokiji
51%
J est l'une des cibles de P Vivi
47%
P détient la plus haute autorité au sein du Gouvernement Mondial Im sama
40%
Aucun quiz correspondant
Distribution des résultats
% des personnes avec chaque résultat
Percentile par nombre de réponses
Votre historique - résultats
Vous n’avez pas pris ce quiz